| 000 | 00599ngm a2200181 a 4500 | ||
|---|---|---|---|
| 005 | 20210223122610.0 | ||
| 008 | 991125s1964 mx 013 aaspa u | ||
| 035 | _aUPN01000038427 | ||
| 049 | _aAV | ||
| 050 | 4 | _aPVI Q 0439 | |
| 245 | 0 | 0 | _aMetales y metaloides. |
| 260 |
_aMéxico : _bCentro Visual Educativo, _c1964. |
||
| 300 | _a1 videocasete (VHS) (13 min.) : | ||
| 520 | _aTrata sobre las diferencias entre los metales y los metaloides mismas que se basan en sus características físicas y químicas | ||
| 650 | 4 |
_aELEMENTOS QUIMICOS _916906 |
|
| 650 | 4 | _aMETALES | |
| 905 | _aAudiovisuales | ||
| 999 |
_c38427 _d38427 |
||